| 000 | 00885nam a22002057a 4500 | ||
|---|---|---|---|
| 005 | 20240902113555.0 | ||
| 008 | 240902b ||||| |||| 00| 0 eng d | ||
| 020 | _a9789391945268 | ||
| 040 | _cAL | ||
| 041 | _aeng | ||
| 082 |
_223 _a361.3 _bRATM |
||
| 100 |
_aRathwa R _9178434 |
||
| 245 | _aMaster handbook social work Vol.2 | ||
| 260 |
_aJaipur _bMark Publishers _c2024 |
||
| 300 |
_a263p. _bHB _c24x16cm. |
||
| 365 |
_2General _a44 _b₹1277.50 _c₹ _d₹1750.00 _e27% _f20/08/2024 |
||
| 520 | _aGlobalization society and social work; rural sociology; and economic development; history of Indian culture; social change and culture in India; modern life in Indian society; Indian society; ancient Indian society; customs of India; role of women in our society; women entrepreneurship and society. | ||
| 650 |
_2Social Problems and Services _aSocial Work _9178435 |
||
| 942 |
_2ddc _cBK |
||
| 999 |
_c231694 _d231694 |
||